| 000 | 00396nam a22001577a 4500 | ||
|---|---|---|---|
| 005 | 20180321115623.0 | ||
| 008 | 160519b xxu||||| |||| 00| 0 eng d | ||
| 041 | _aeng | ||
| 082 |
_b3221 _a338.5024658 |
||
| 100 |
_aMithani/D.M. Dr. _9799 |
||
| 245 | _aManagerial Economics | ||
| 260 |
_aNew Delhi _bHimalaya Publishing House, _c2010 |
||
| 300 | _a639 | ||
| 650 |
_aManagement _9241 |
||
| 942 | _cBK | ||
| 999 |
_c1098 _d1098 |
||